000 00489nam a2200181Ia 4500
005 20250326123936.0
008 250326s9999 xx 000 0 und d
037 _aTextbook
040 _aFMSL
_beng
_cFMSL
041 _aeng
_2eng
084 _aT48:p L0
_qFMSL
100 _aIverson M R
245 0 _aResearch paper simplified
_cIverson M R
260 _aNew Delhi
_bNew Delhi, Prentice-Hall
_c1970
300 _a88p
942 _cTB
_hT48:p L0
999 _c1271585
_d1271585